Normal view
MARC view
Entry Topical Term
001 - CONTROL NUMBER
- control field: 23950
003 - CONTROL NUMBER IDENTIFIER
- control field: ARRUPE
005 - DATE AND TIME OF LATEST TRANSACTION
- control field: 20160420150350.0
008 - FIXED-LENGTH DATA ELEMENTS
- fixed length control field: 160420|| aca||aabn | a|a d
040 ## - CATALOGING SOURCE
- Original cataloging agency: ARRUPE
- Transcribing agency: ARRUPE
150 ## - HEADING--TOPICAL TERM
- Topical term or geographic name as entry element: Women's rights
- Geographic subdivision: Burkina Faso.
670 ## - SOURCE DATA FOUND
- Source citation: Work cat.: (ARRUPE)0: Sankara, Thomas. 23850, Women's liberation and the African freedom struggle /, 2007.